Osobennosti projektirovanija i sooruženija AES /
Guardado en:
| Autor principal: | |
|---|---|
| Formato: | Libro |
| Lenguaje: | ruso |
| Publicado: |
Moskva :
Atomizdat,
1980
|
| Etiquetas: |
Sin Etiquetas, Sea el primero en etiquetar este registro!
|
MARC
| LEADER | 00000nam a22000003a 4500 | ||
|---|---|---|---|
| 001 | stu44152 | ||
| 005 | 20150617225718.7 | ||
| 008 | 950131s1980----xxr-----------------rus-d | ||
| 040 | |a STU |b slo | ||
| 041 | 0 | |a rus | |
| 044 | |a xxr | ||
| 080 | |a 621.039.56 | ||
| 100 | 1 | |a Voronin, Leonid Michajkovič |4 aut | |
| 245 | 1 | |a Osobennosti projektirovanija i sooruženija AES / |c [aut.]Leonid M. Voronin | |
| 260 | |a Moskva : |b Atomizdat, |c 1980 | ||
| 300 | |a 186 s | ||
| 996 | |b E48777 |c E*48777 |l EE10 |s P |a 0 |w stu44152_0001 | ||
| 996 | |b 284M062537 |c M*7296-1 |l MMKN |s A |a 24 |w stu44152_0002 | ||
| 996 | |b E47566 |c E*47566 |l EE10 |s P |a 0 |w stu44152_0003 | ||
| 996 | |b E47650 |c E*47650 |l EE06 |s P |a 0 |w stu44152_0004 | ||